Quizzes
Events
Quiz Creation
Community
Videos
Private Events
Remove Ads
Sign In
Join for FREE
Feedback
Dark Mode
Quiz Categories
Sports
Geography
Music
Movies
Television
Just For Fun
Miscellaneous
History
Literature
Language
Science
Gaming
Entertainment
Religion
Holiday
For Kids
Quiz Lab
Recent
Popular Today
Quiz Kudos Today
Editor Picks
Curator Picks
Quizzes by...
Day
Popularity
Type
Ratings
Length
Year
Community
Subscriptions
Recent Discussions
Orange Saloon
Badges
Playlists
Quests
Create
Leaderboards
Showdown
Live 5
Trivia Bingo
Activity
Puzzle Library
Sporcle Events
Private Events
Virtual Trivia
Globe League
Become a Host
Pub Owners
SporcleCon
Opinionation
Our Games
Videos
Blog
Mobile Apps
Partnerships
Remove Ads and Go Orange
Feedback
Sports
Athletes
MLB
NBA
NHL
NFL
Soccer
Sports Teams
WWE
NCAA
Football
Premier League
Basketball
Baseball
Hockey
Golf
Tennis
Cricket
Rugby
Auto Racing
Olympics
World Cup
Sports
Athletes
MLB
NBA
NHL
NFL
Soccer
Sports Teams
WWE
NCAA
Football
Premier League
Basketball
Baseball
Hockey
Golf
Tennis
Cricket
Rugby
Auto Racing
Olympics
World Cup
Random Quiz
Search Sporcle
×
Quiz Lab
Quiz Lab
Sports
Football
Type in answers that appear in a list
Type in answers that appear in a list
Classic
Best Score? Go Orange.
2005 NHL Entry Draft Stats
Can you name the players drafted in the 2005 NHL entry draft?
By
breloom
10m
30 Questions
581 Plays
581 Plays
581 Plays
Comments
Comments
Give Quiz Kudos
Give Quiz Kudos
-
- Ratings
hide this ad
Replay
Link that replays current quiz
Next Quiz
Link to next quiz in quiz playlist
You Got
0%
They Got
Avg Score
39%
Avg Friend Score
Upgrade to see
Score Distribution
Jump to the score distribution portion of the page
Score
0/30
Timer
10:00
0
Plays Today
Team
Player
% Correct
Pittsburgh
Sidney Crosby
99.5%
Anaheim
Bobby Ryan
93.6%
Mtl. Canadiens
Carey Price
87.1%
Carolina
Jack Johnson
68.2%
Los Angeles
Anze Kopitar
66.1%
NY Rangers
Marc Staal
65.6%
Minnesota
Benoit Pouliot
55.2%
Toronto
Tuukka Rask
50.8%
Vancouver
Luc Bourdon
48.4%
San Jose
Devin Setoguchi
46.8%
Ottawa
Brian Lee
45.6%
Columbus
Gilbert Brule
44.6%
Chicago
Jack Skille
39.1%
St. Louis
T.J. Oshie
33.7%
Phoenix
Martin Hanzal
29.8%
Team
Player
% Correct
Detroit
Jakub Kindl
27.2%
Edmonton
Andrew Cogliano
27.2%
Dallas
Matt Niskanen
24.6%
New Jersey
Nicklas Bergfors
23.4%
NY Islanders
Ryan O'Marra
22.5%
Philadelphia
Steve Downie
22.4%
Buffalo
Marek Zagrapan
22%
Nashville
Ryan Parent
21.2%
Atlanta
Alex Bourret
19.3%
Tampa Bay
Vladimir Mihalik
18.9%
Calgary
Matt Pelech
18.6%
Boston
Matt Lashoff
18.2%
Washington
Sasha Pokulok
17.7%
Florida
Kenndal McArdle
17.4%
Washington
Joe Finley
16.2%
Quiz Playlist
Details
Report
Send in Message
Add To Playlist
Classic:
Type in answers that appear in a list
Quiz Source
Last Updated: Feb 22, 2019
Quiz Scoreboard
CHALLENGE
Sign Up to Join the Scoreboard
Show All
Scores
Hide
Comments
May contain spoilers
Recently Published
Click the 1999 NBA Draft
by nibperrychub
Sports
2m
Alphabetical 'K' Countries by Flag Minefield
by ylime102
Geography
3m
Pick 6: Fruits
by JohnFran
Miscellaneous
15s
More to Explore
Quiz From the Vault
Featured Blog Post
15 Basketball Trivia Facts You Can Be March Mad About
hide this ad
You Might Also Like...
Tags
Football Quiz
NHL Quiz
2005
Draft
Entry
Player
team
Today's Top Quizzes in Sports
Browse Sports
hide this ad
Today's Top Quizzes in Football
Browse Football
Top Contributed Quizzes in Sports
1
Les joueurs à 100 buts en Ligue 1 Uber Eats
2
Pick 6: NFL Teams
3
2022 World Cup Stars
4
MLB 2 truths and a lie: Hall of Fame pitchers
5
Millionaire: NBA Finals Edition
6
Pick 6: Minor League Baseball
7
Criteria MLB: Left Handed Sluggers
8
Click the 1998 NBA Draft
9
Pick 6: Olympics
10
Don't Strike Out: 3000 Strikeouts
Explore More
Trending Topics
Crossword
NBA
Disney
Kpop
Anime
Marvel
Harry Potter
Puzzle
WWE
The Office
Soccer
Pokémon
Song
NFL
Country
hide this ad
More By:
breloom
Quiz
Plays
Rating
Category
Featured
Created
NHL Lester B. Pearson Award
752
4.25
Sports
Dec 4, 2009
2008 NHL Entry Draft
659
4.00
Sports
Dec 30, 2009
2005 NHL Entry Draft
581
Sports
Apr 3, 2010
2007 NHL Entry Draft
233
Sports
Mar 10, 2010
2009 NHL Entry Draft
199
Sports
Mar 8, 2010
Go to Creator's Profile
Score Distribution
Quiz Creator Spotlight
breloom
Follow
Send a Message
Quizzes Created
-
Created Quiz Play Count
-
More By This Creator
Popular Quizzes Today
1
Countries of Asia Without Outlines Minefield
2
Find the US States - No Outlines Minefield
3
Pick 6: Fruits
4
Alphabetical 'K' Countries by Flag Minefield
5
The Countries of the World
6
Find the US States
7
Find the Countries of Europe - No Outlines Minefield
8
US States
More Sports Quizzes
Ballon d'Or 2012 Nominees
Quiz Lab
Trending Quizzes
Pick 6: Mountains
Pick 6: Harry Potter
Pick 6: Flags
Pick 6: NFL Teams
Pick 6: Movie Franchises
Recently Updated
NWSL Teams
pecheneg
Women's Final Four Teams by Year
bhenderson79
Presidents Quartet II
eogle
Anything But Clue(do)
eogle
Anything But Oceanian Capitals
eogle
Anything But 7
eogle
Anything But Thing
eogle
Word Ladder: February 29
pecheneg
Song Title Questions
pecheneg
Women's NCAA Tournament #1 Seeds
pecheneg
Trending Topics
Anime
Harry Potter
Kpop
Disney
NBA
Marvel
Crossword
Country
WWE
Puzzle
Song
Pokémon
The Office
Soccer
NFL
Your Account Isn't Verified!
In order to create a playlist on Sporcle, you need to verify the email address you used during registration. Go to your
Sporcle Settings
to finish the process.
Report this User
Report this user for behavior that violates our
Community Guidelines
.
Details:
Send Report
Go to the Sporcle.com Mobile Site →
Comments